|
|
|
|
| LEADER |
01675cas a2200241 a 4500 |
| 001 |
AALejournalIMF002995 |
| 008 |
230101c9999 xx r poo 0 0eng d |
| 020 |
|
|
|c 5.00 USD
|
| 020 |
|
|
|z 9781451820324
|
| 022 |
|
|
|a 1934-7685
|
| 040 |
|
|
|a BD-DhAAL
|c BD-DhAAL
|
| 110 |
2 |
|
|a International Monetary Fund.
|
| 245 |
1 |
0 |
|a Jordan :
|b Staff Report for the 2004 Article IV Consultation, Second Review under the Stand-By Arrangement, and Request for Waiver of Applicability.
|
| 264 |
|
1 |
|a Washington, D.C. :
|b International Monetary Fund,
|c 2004.
|
| 300 |
|
|
|a 1 online resource (81 pages)
|
| 490 |
1 |
|
|a IMF Staff Country Reports
|
| 500 |
|
|
|a <strong>Off-Campus Access:</strong> No User ID or Password Required
|
| 500 |
|
|
|a <strong>On-Campus Access:</strong> No User ID or Password Required
|
| 506 |
|
|
|a Electronic access restricted to authorized BRAC University faculty, staff and students
|
| 520 |
3 |
|
|a The staff report for the 2004 Article IV Consultation on Jordan highlights economic developments and policies. General sales tax collections increased strongly boosted by high import growth and improved revenue administration. The government has embarked on a substantial improvement of the education system, with support from an education sector reform loan from the World Bank. The integration of the sales and income tax departments into a unified revenue department will also contribute by strengthening tax collections and enforcement.
|
| 538 |
|
|
|a Mode of access: Internet
|
| 830 |
|
0 |
|a IMF Staff Country Reports; Country Report ;
|v No. 2004/122
|
| 856 |
4 |
0 |
|z Full text available on IMF
|u http://elibrary.imf.org/view/journals/002/2004/122/002.2004.issue-122-en.xml
|z IMF e-Library
|